[Event "Open SSM A Maggio"]
[Site "Milano ITA"]
[Date "2015.05.24"]
[Round "6"]
[White "Spelta, Andrea"]
[Black "Bisignano, Giuseppe"]
[WhiteElo "1782"]
[BlackElo "1824"]
[Result "1-0"]
[PlyCount "89"]
[EventDate "2015.05.20"]

1. e4 e5 2. Nf3 Nc6 3. Bc4 Nf6 4. d3 Bc5 5. Be3 Qe7 6. Nc3 Bxe3 7. fxe3 Na5 8.
Bb3 Nxb3 9. axb3 c6 10. Qe2 b5 11. O-O O-O 12. Qd2 Bb7 13. Ne2 c5 14. c4 Bc6
15. Ng3 g6 16. Ra6 bxc4 17. bxc4 Bb7 18. Raa1 Rfb8 19. h3 d6 20. Qf2 Kg7 21.
Nh4 Bc8 22. Ra2 Rb3 23. Qc2 Rab8 24. Nf3 Ne8 25. Nd2 R3b6 26. b3 Qh4 27. Rf3
R8b7 28. Ra1 Nc7 29. Raf1 Ne6 30. Ne2 a5 31. Nc1 Ng5 32. R3f2 Qg3 33. Kh1 f5
34. Nf3 Nxf3 35. Rxf3 Qg5 36. exf5 gxf5 37. Qf2 Kh8 38. g4 a4 39. bxa4 Rb2 40.
Ne2 R7b3 41. gxf5 Qf6 42. e4 Rd2 43. Rg1 Rbb2 44. Qg2 Qf8 45. Rg3 1-0

[Event "Open SSM B Maggio"]
[Site "Milano ITA"]
[Date "2015.05.20"]
[Round "1"]
[White "Carli, Federico"]
[Black "Casati, Ivan Mario"]
[WhiteElo "1629"]
[BlackElo "1385"]
[Result "1-0"]
[PlyCount "37"]
[EventDate "2015.05.20"]

1. e4 c6 2. d4 d5 3. Nc3 dxe4 4. Nxe4 Bf5 5. Ng3 Bg6 6. h4 h6 7. Nf3 Nf6 8. h5
Bh7 9. Bd3 Bxd3 10. Qxd3 e6 11. Bd2 Nbd7 12. O-O-O Qc7 13. Ne4 O-O-O 14. g3 Be7
15. Bf4 Qa5 16. Kb1 Ng4 17. Rh4 f5 18. Nd6+ Bxd6 19. Bxd6 {phone default} 1-0

[Event "Open SSM B Maggio"]
[Site "Milano ITA"]
[Date "2015.05.20"]
[Round "1"]
[White "Fantina, Carla"]
[Black "Vece, Luigi"]
[WhiteElo "1316"]
[BlackElo "1566"]
[Result "0-1"]
[PlyCount "116"]
[EventDate "2015.05.20"]

1. c4 Nf6 2. g3 e5 3. Nc3 c6 4. e4 d6 5. Bg2 Be7 6. Nge2 O-O 7. h3 Be6 8. d3
Qd7 9. b3 a5 10. Na4 Qc7 11. Be3 c5 12. O-O Nc6 13. Nac3 Na7 14. Rc1 Rfb8 15.
Nd5 Nxd5 16. cxd5 Bd7 17. f4 f6 18. f5 b5 19. g4 Qd8 20. Qd2 b4 21. Ng3 Nb5 22.
h4 Nc3 23. h5 a4 24. Ne2 axb3 25. axb3 Nxe2+ 26. Qxe2 Ra3 27. Rb1 Rba8 28. Rfd1
Qa5 29. Qf2 Bb5 30. Qh4 Ra1 31. Bf1 Rxb1 32. Rxb1 Qa2 33. Qe1 Qc2 34. Qd1 Ra2
35. Qxc2 Rxc2 36. Kh1 Rc3 37. Kg2 Bxd3 38. Bxd3 Rxd3 39. Kf3 Rc3 40. Ke2 Rc2+
41. Kf3 Ra2 42. Kg3 h6 43. Kf3 Kf8 44. Kg3 Ke8 45. Bf2 Kd7 46. Kf3 Kc7 47. Ke3
Kb6 48. Be1 Kb5 49. Bd2 Bd8 50. Be1 Ba5 51. Kf3 c4 52. bxc4+ Kxc4 53. Rc1+ Kd4
54. Bf2+ Kd3 55. Rb1 Kc2 56. Re1 b3 57. Re2+ Kc3 58. Be1+ Kc4 0-1

[Event "Open SSM B Maggio"]
[Site "Milano ITA"]
[Date "2015.05.20"]
[Round "1"]
[White "Frignani, Alessandro"]
[Black "Colica, Daniele"]
[WhiteElo "1407"]
[BlackElo "1638"]
[Result "0-1"]
[PlyCount "154"]
[EventDate "2015.05.20"]

1. e4 d5 2. e5 Bf5 3. f4 c5 4. Bb5+ Nc6 5. Bxc6+ bxc6 6. Nf3 e6 7. d4 Ne7 8.
dxc5 Qa5+ 9. c3 Qxc5 10. Nd4 Bxb1 11. Rxb1 Qc4 12. Qc2 Qxa2 13. O-O Qc4 14. b3
Qa6 15. Be3 c5 16. Ra1 Qb7 17. Ne2 Nf5 18. Bf2 Be7 19. Rfb1 O-O 20. Ra5 Bd8 21.
Ra4 Bb6 22. g4 Nh6 23. h3 Qc7 24. Qd3 f6 25. exf6 Rxf6 26. g5 Rg6 27. Be3 Nf5
28. Bf2 h6 29. h4 Nxh4 30. Kh1 Nf5 31. Rg1 hxg5 32. fxg5 Qe7 33. Rag4 Bc7 34.
Qb5 Kf7 35. R1g2 Rh8+ 36. Kg1 Bd6 37. c4 d4 38. Qc6 Rh5 39. Qf3 Rhxg5 40. Bh4
Rxg4 41. Bxe7 Rxg2+ 42. Kf1 Kxe7 43. Qb7+ Kf6 44. Qf3 Bg3 45. Kxg2 Bf4+ 46. Kf1
Be3 47. Ke1 d3 48. Kd1 dxe2+ 49. Kxe2 Ke5 50. Kd3 Bd4 51. Qe4+ Kf6 52. Qh1 Rg3+
53. Kd2 Rxb3 54. Qf1 Rb2+ 55. Kc1 Ra2 56. Qh3 Rf2 57. Qh1 Ke5 58. Qh5 Be3+ 59.
Kb1 Kd4 60. Qg4+ Kc3 61. Qe4 Bd4 62. Qe1+ Kb3 63. Qd1+ Kxc4 64. Qa4+ Kc3 65.
Qa3+ Kc4 66. Qa4+ Kd5 67. Qd7+ Nd6 68. Qxa7 c4 69. Qa8+ Ke5 70. Qa5+ Ke4 71.
Qe1+ Kf5 72. Qa5+ e5 73. Qd5 c3 74. Qxd6 c2+ 75. Kc1 Be3+ 76. Kb2 c1=Q+ 77. Kb3
Rb2+ 0-1

[Event "Open SSM B Maggio"]
[Site "Milano ITA"]
[Date "2015.05.20"]
[Round "1"]
[White "Guglielmetti, Oscar"]
[Black "Rigotti, Gianluigi"]
[WhiteElo "1683"]
[BlackElo "1525"]
[Result "1/2-1/2"]
[PlyCount "46"]
[EventDate "2015.05.20"]

1. Nf3 d5 2. g3 f5 3. d3 Nf6 4. Bg2 g6 5. O-O Bg7 6. Nc3 c6 7. h3 O-O 8. Bf4
Nbd7 9. Qd2 Re8 10. Bg5 e5 11. e4 d4 12. Ne2 fxe4 13. dxe4 Qc7 14. Ne1 Nc5 15.
Bxf6 Bxf6 16. Nd3 Ne6 17. f4 exf4 18. gxf4 c5 19. Rae1 c4 20. Ndc1 c3 21. bxc3
dxc3 22. Qe3 Qb6 23. Qxb6 axb6 1/2-1/2

[Event "Open SSM B Maggio"]
[Site "Milano ITA"]
[Date "2015.05.20"]
[Round "1"]
[White "Poletto, Daniele"]
[Black "Arena, Ignazio"]
[WhiteElo "1664"]
[BlackElo "1441"]
[Result "1-0"]
[PlyCount "109"]
[EventDate "2015.05.20"]

1. c4 Nf6 2. Nc3 g6 3. g3 Bg7 4. Bg2 d6 5. e4 c5 6. Nge2 Nc6 7. d3 Bg4 8. h3
Bxe2 9. Nxe2 Nd7 10. a3 a6 11. O-O O-O 12. Rb1 Rb8 13. b4 cxb4 14. axb4 Nce5
15. Kh2 Qc7 16. f4 Nc6 17. Be3 Rfc8 18. f5 Nce5 19. fxg6 hxg6 20. Qd2 b5 21.
cxb5 Qc2 22. Qxc2 Rxc2 23. Nd4 Ra2 24. Nc6 Nxc6 25. bxc6 Ne5 26. c7 Rc8 27. Bb6
Nd7 28. Ba5 Bd4 29. Rbc1 Bb6 30. Bxb6 Nxb6 31. e5 dxe5 32. Kg1 Rxg2+ 33. Kxg2
Nd5 34. Kf3 Rxc7 35. Rxc7 Nxc7 36. Ke4 f6 37. Rc1 Nb5 38. Rc6 Nd6+ 39. Kf3 Nf5
40. Rxa6 Nd4+ 41. Kg2 Kf7 42. Rb6 Ke8 43. h4 Kd8 44. Rb8+ Kd7 45. Rg8 Ke6 46.
Rxg6 Kf7 47. Rg4 f5 48. Rxd4 exd4 49. b5 Ke8 50. h5 e5 51. b6 Kd7 52. h6 e4 53.
dxe4 fxe4 54. h7 d3 55. h8=Q 1-0

[Event "Open SSM B Maggio"]
[Site "Milano ITA"]
[Date "2015.05.21"]
[Round "2"]
[White "Arena, Ignazio"]
[Black "Frignani, Alessandro"]
[WhiteElo "1441"]
[BlackElo "1407"]
[Result "0-1"]
[PlyCount "132"]
[EventDate "2015.05.20"]

1. d4 d5 2. c4 c6 3. cxd5 Qxd5 4. Nc3 Qa5 5. e4 Nf6 6. Bd3 e6 7. Bd2 Qb6 8. Nf3
Qxb2 9. Rb1 Qa3 10. Rb3 Qe7 11. Bg5 h6 12. Bh4 g5 13. Bg3 Nbd7 14. h3 Bg7 15.
O-O O-O 16. Bc2 Nb6 17. Qd3 Rd8 18. e5 Nfd5 19. Qh7+ Kf8 20. h4 f5 21. hxg5
hxg5 22. Qh5 Bd7 23. Rd1 Be8 24. Qxg5 Qxg5 25. Nxg5 Bd7 26. Bh4 Rdb8 27. Ne2
Bh6 28. Ng3 Bxg5 29. Bxg5 Be8 30. Kf1 Kg7 31. Kg1 Na4 32. Ne2 Bh5 33. f3 b5 34.
Nf4 Nxf4 35. Bxf4 Nb6 36. Kf2 Nd5 37. Be3 a5 38. Rh1 Bg6 39. Rhb1 Rh8 40. Rc1
Be8 41. Bg5 Bd7 42. Rb2 Rh2 43. Kg3 Rah8 44. Rbb1 Kg6 45. Bd2 a4 46. Kf2 R8h4
47. Kg1 Rh1+ 48. Kf2 Rxc1 49. Rxc1 Rxd4 50. Ke2 Rh4 51. Kf2 c5 52. Bd3 c4 53.
Be2 Rd4 54. Ke1 f4 55. a3 Kf5 56. Rc2 Kxe5 57. Kf2 Kf5 58. Be1 e5 59. Bd2 e4
60. fxe4+ Rxe4 61. Bf3 Rd4 62. Bxd5 Rxd5 63. Rb2 Bc6 64. Bb4 Rd3 65. Rc2 Rb3
66. Ba5 Rxa3 0-1

[Event "Open SSM B Maggio"]
[Site "Milano ITA"]
[Date "2015.05.21"]
[Round "2"]
[White "Casati, Ivan Mario"]
[Black "Madaschi, Sergio"]
[WhiteElo "1385"]
[BlackElo "1501"]
[Result "0-1"]
[PlyCount "32"]
[EventDate "2015.05.20"]

1. e4 c5 2. Nc3 Nc6 3. Nf3 g6 4. d4 cxd4 5. Nxd4 Bg7 6. Nxc6 bxc6 7. Bc4 e6 8.
O-O Ne7 9. Bg5 h6 10. Bh4 Bb7 11. Re1 d6 12. Qf3 O-O 13. Bf6 Qc7 14. Bxg7 Kxg7
15. Qf4 g5 16. e5 gxf4 0-1

[Event "Open SSM B Maggio"]
[Site "Milano ITA"]
[Date "2015.05.21"]
[Round "2"]
[White "Colica, Daniele"]
[Black "Carli, Federico"]
[WhiteElo "1638"]
[BlackElo "1629"]
[Result "0-1"]
[PlyCount "64"]
[EventDate "2015.05.20"]

1. g4 d5 2. Bg2 c6 3. h3 e5 4. d3 Be6 5. Nd2 Bc5 6. Ngf3 Nd7 7. e3 Qc7 8. Ng5
O-O-O 9. Nxe6 fxe6 10. Qe2 g5 11. a4 Ngf6 12. Nb3 Bd6 13. e4 Nc5 14. Bxg5 Nxb3
15. cxb3 Bb4+ 16. Bd2 Bxd2+ 17. Qxd2 dxe4 18. Qg5 Nd5 19. Bxe4 Nf4 20. O-O-O h6
21. Qh4 Qb6 22. g5 Qxb3 23. g6 Ne2+ 24. Kd2 Qxb2+ 25. Ke1 Nd4 26. Qg4 h5 27.
Rd2 Qxd2+ 28. Kxd2 hxg4 29. h4 Nf3+ 30. Bxf3 gxf3 31. Ke3 Rdg8 32. h5 Rxg6 0-1

[Event "Open SSM B Maggio"]
[Site "Milano ITA"]
[Date "2015.05.21"]
[Round "2"]
[White "Fantina, Carla"]
[Black "Longo, Giovanni"]
[WhiteElo "1316"]
[BlackElo "1690"]
[Result "0-1"]
[PlyCount "80"]
[EventDate "2015.05.20"]

1. c4 c5 2. g3 g6 3. Bg2 Bg7 4. Nc3 Nf6 5. e3 O-O 6. Nge2 e6 7. O-O d5 8. cxd5
exd5 9. d4 c4 10. Nf4 Be6 11. h3 Nc6 12. g4 h6 13. Nxe6 fxe6 14. f4 Nb4 15. Bd2
a6 16. b3 b5 17. a3 Nd3 18. Bf3 Nd7 19. b4 Qh4 20. Bg2 Rf7 21. Be1 Qe7 22. Rb1
Raf8 23. Bg3 Bf6 24. Qc2 Bh4 25. Bh2 Nb6 26. Rf3 g5 27. Qd2 gxf4 28. exf4 Qf6
29. Qe3 Qg6 30. Bg3 Bxg3 31. Rxg3 Nxf4 32. Rb2 Qf6 33. Rf2 Nxh3+ 34. Bxh3 Qxf2+
35. Qxf2 Rxf2 36. g5 Kg7 37. Bxe6 Rf1+ 38. Kh2 R8f2+ 39. Kh3 Rh1+ 40. Kg4 h5#
0-1

[Event "Open SSM B Maggio"]
[Site "Milano ITA"]
[Date "2015.05.21"]
[Round "2"]
[White "Mazzoccoli, Simone"]
[Black "Guglielmetti, Oscar"]
[WhiteElo "1704"]
[BlackElo "1683"]
[Result "1-0"]
[PlyCount "103"]
[EventDate "2015.05.20"]

1. e4 g6 2. d4 d6 3. Nc3 Nf6 4. f4 Bg7 5. Nf3 O-O 6. Bd3 Nc6 7. e5 dxe5 8. fxe5
Nd5 9. Nxd5 Qxd5 10. c3 Bg4 11. O-O h6 12. Qb3 Qxb3 13. axb3 a6 14. Be4 Bd7 15.
Rd1 Rab8 16. Bf4 e6 17. Be3 Ne7 18. c4 f5 19. exf6 Rxf6 20. Ne5 Be8 21. Ng4 Rf8
22. Bxh6 Bc6 23. Bxg7 Kxg7 24. Bxc6 Nxc6 25. d5 exd5 26. Rxd5 Rbd8 27. Rad1
Rxd5 28. Rxd5 Rd8 29. Ne3 Re8 30. Rd7+ Re7 31. Rxe7+ Nxe7 32. Kf2 Kf6 33. Kf3
c6 34. h4 Ke5 35. g4 b5 36. h5 gxh5 37. gxh5 Ng8 38. Ng4+ Kd4 39. cxb5 axb5 40.
Kf4 Kd3 41. Ke5 c5 42. Ke6 c4 43. Kf7 Nh6+ 44. Nxh6 cxb3 45. Nf5 Kc2 46. Nd4+
Kxb2 47. Nxb3 Kxb3 48. h6 Kc2 49. h7 b4 50. h8=Q b3 51. Qc8+ Kd1 52. Qc3 1-0

[Event "Open SSM B Maggio"]
[Site "Milano ITA"]
[Date "2015.05.21"]
[Round "2"]
[White "Rigotti, Gianluigi"]
[Black "Pipitone, Filippo Massimo"]
[WhiteElo "1525"]
[BlackElo "1544"]
[Result "0-1"]
[PlyCount "76"]
[EventDate "2015.05.20"]

1. e4 c5 2. g3 e6 3. Bg2 Qc7 4. Ne2 Nf6 5. c3 d5 6. exd5 exd5 7. O-O Be7 8. d4
O-O 9. Bg5 Ne4 10. Bf4 Qb6 11. Nd2 Nf6 12. Qb3 Be6 13. Qxb6 axb6 14. Rfe1 Nc6
15. Be5 Ng4 16. Bc7 Ra6 17. Nf4 cxd4 18. Bxd5 dxc3 19. bxc3 Bxd5 20. Nxd5 Bc5
21. Ne4 h6 22. Nxc5 bxc5 23. Bd6 Rd8 24. Ne7+ Nxe7 25. Bxe7 Rd5 26. h3 Ne5 27.
Kg2 b5 28. g4 f6 29. f4 Rd2+ 30. Kf1 Nd3 31. Red1 Rxd1+ 32. Rxd1 Nxf4 33. Bxc5
Rxa2 34. h4 Ng6 35. Bf2 Ne5 36. g5 Ng4 37. g6 Rxf2+ 38. Kg1 Kf8 0-1

[Event "Open SSM B Maggio"]
[Site "Milano ITA"]
[Date "2015.05.21"]
[Round "2"]
[White "Vece, Luigi"]
[Black "Poletto, Daniele"]
[WhiteElo "1566"]
[BlackElo "1664"]
[Result "1/2-1/2"]
[PlyCount "54"]
[EventDate "2015.05.20"]

1. d4 Nf6 2. Nf3 g6 3. e3 Bg7 4. Bd3 d5 5. Nbd2 b6 6. c3 Bb7 7. Qe2 O-O 8. O-O
Nbd7 9. e4 dxe4 10. Nxe4 Nxe4 11. Bxe4 Bxe4 12. Qxe4 Nf6 13. Qe2 e6 14. Ne5 Qe8
15. Re1 Rc8 16. Qf3 Nd5 17. Bd2 c5 18. c4 Nb4 19. Bxb4 cxb4 20. Qb3 Qe7 21. a3
bxa3 22. Rxa3 Rc7 23. Nf3 Rfc8 24. Rc1 Qd7 25. Qd3 Rd8 26. Rd1 h6 27. b3 Qd6
1/2-1/2

[Event "Open SSM B Maggio"]
[Site "Milano ITA"]
[Date "2015.05.22"]
[Round "3"]
[White "Carli, Federico"]
[Black "Vece, Luigi"]
[WhiteElo "1629"]
[BlackElo "1566"]
[Result "1-0"]
[PlyCount "37"]
[EventDate "2015.05.20"]

1. e4 c5 2. c3 e5 3. Nf3 Nc6 4. d4 cxd4 5. cxd4 Bb4+ 6. Nc3 Qa5 7. d5 Nce7 8.
Bd2 d6 9. Bb5+ Kd8 10. Be2 Bg4 11. Ng5 Bxe2 12. Qxe2 Ke8 13. Qb5+ Qxb5 14. Nxb5
Bxd2+ 15. Kxd2 Kf8 16. Nxd6 Nh6 17. Rac1 f5 18. Ne6+ Kg8 19. Rc7 1-0

[Event "Open SSM B Maggio"]
[Site "Milano ITA"]
[Date "2015.05.22"]
[Round "3"]
[White "Casati, Ivan Mario"]
[Black "Fantina, Carla"]
[WhiteElo "1385"]
[BlackElo "1316"]
[Result "1-0"]
[PlyCount "65"]
[EventDate "2015.05.20"]

1. e4 d6 2. d4 Nf6 3. Nc3 g6 4. Bg5 Bg7 5. Nf3 h6 6. Bh4 O-O 7. Bd3 c6 8. O-O
Bg4 9. Be2 Nbd7 10. Qd3 Nh5 11. Qe3 Re8 12. Rad1 Qb6 13. b3 a6 14. h3 Bxf3 15.
Bxf3 Nhf6 16. Qd3 Qc7 17. Bg3 Rad8 18. Rfe1 e5 19. Qc4 b5 20. Qd3 Nh7 21. d5
Nc5 22. Qe3 Ng5 23. dxc6 Qxc6 24. Nd5 Nxf3+ 25. gxf3 Ne6 26. Rc1 Nd4 27. c3 Ne6
28. c4 bxc4 29. Rxc4 Qa8 30. Rec1 Rd7 31. Nb6 Qa7 32. Nxd7 Qxe3 33. fxe3 1-0

[Event "Open SSM B Maggio"]
[Site "Milano ITA"]
[Date "2015.05.22"]
[Round "3"]
[White "Guglielmetti, Oscar"]
[Black "Arena, Ignazio"]
[WhiteElo "1683"]
[BlackElo "1441"]
[Result "1-0"]
[PlyCount "107"]
[EventDate "2015.05.20"]

1. Nf3 c5 2. g3 d6 3. Bg2 Nf6 4. O-O g6 5. d3 Bg7 6. Nc3 Nc6 7. e4 O-O 8. h3
Re8 9. Be3 Bd7 10. e5 dxe5 11. Bxc5 Bf5 12. g4 Be6 13. Re1 Nd5 14. Ng5 Nxc3 15.
Nxe6 Nxd1 16. Nxd8 Raxd8 17. Raxd1 Rc8 18. c3 a6 19. Re2 e6 20. Bd6 Red8 21.
Bxc6 Rxc6 22. Bxe5 Bxe5 23. Rxe5 Rb6 24. Rd2 Rbd6 25. d4 R8d7 26. g5 Kg7 27.
Rde2 Rd5 28. f4 R7d6 29. Kf2 Rxe5 30. fxe5 Rd5 31. Ke3 b5 32. b3 Kf8 33. Ke4
Ke8 34. Rf2 Ke7 35. c4 bxc4 36. bxc4 Ra5 37. Rb2 Kf8 38. Rc2 Ke8 39. h4 Ra4 40.
d5 Ke7 41. d6+ Kd7 42. Kd4 Kc6 43. Rf2 a5 44. Rxf7 Rxa2 45. Rc7+ Kb6 46. c5+
Kb5 47. Rb7+ Kc6 48. Rb6+ Kd7 49. Kc4 Rc2+ 50. Kb5 a4 51. Rb7+ Kd8 52. Ra7 Rb2+
53. Kc6 Rb8 54. Rxa4 1-0

[Event "Open SSM B Maggio"]
[Site "Milano ITA"]
[Date "2015.05.22"]
[Round "3"]
[White "Longo, Giovanni"]
[Black "Colica, Daniele"]
[WhiteElo "1690"]
[BlackElo "1638"]
[Result "1/2-1/2"]
[PlyCount "101"]
[EventDate "2015.05.20"]

1. g3 Nf6 2. Bg2 c5 3. d3 Nc6 4. e4 e6 5. f4 d5 6. Nf3 g6 7. b3 Bg7 8. Bb2 O-O
9. O-O Qc7 10. Qe2 b6 11. Nbd2 Bb7 12. Rae1 a5 13. e5 Ng4 14. Bh3 Nh6 15. a3
Ne7 16. Nh4 Rfe8 17. Ndf3 Nef5 18. Nxf5 Nxf5 19. Bxf5 exf5 20. h4 Qc6 21. d4
Bf8 22. c3 Rac8 23. Rc1 Qd7 24. Rc2 Rc6 25. Rfc1 Rec8 26. b4 h6 27. Qd2 Ba6 28.
Qe3 cxb4 29. axb4 Bxb4 30. e6 Qxe6 31. Ne5 f6 32. Qd2 fxe5 33. cxb4 Rxc2 34.
Rxc2 Rxc2 35. Qxc2 e4 36. Qc7 e3 37. Qb8+ Qc8 38. Qd6 e2 39. Qxd5+ Kf8 40. Qd6+
Kf7 41. Kf2 Qe6 42. Qc7+ Qe7 43. Qc3 Qf6 44. Qc7+ Ke8 45. Qb8+ Kf7 46. Qc7+ Qe7
47. Qxe7+ Kxe7 48. bxa5 bxa5 49. Bc3 Kd6 50. Bxa5 Kd5 51. Ke3 1/2-1/2

[Event "Open SSM B Maggio"]
[Site "Milano ITA"]
[Date "2015.05.27"]
[Round "3"]
[White "Pipitone, Filippo Massimo"]
[Black "Madaschi, Sergio"]
[WhiteElo "1544"]
[BlackElo "1501"]
[Result "1-0"]
[PlyCount "93"]
[EventDate "2015.05.20"]

1. d4 g6 2. c4 Nf6 3. Nc3 Bg7 4. e4 d6 5. f3 O-O 6. Be3 e5 7. d5 c6 8. Qd2 Ne8
9. Bg5 Qc7 10. dxc6 bxc6 11. Bd3 Na6 12. a3 Nc5 13. Bc2 f5 14. b4 Ne6 15. Be3
f4 16. Bf2 Bd7 17. Nge2 a5 18. O-O Nf6 19. Bb3 Kh8 20. Rac1 axb4 21. axb4 Rfd8
22. Rfd1 g5 23. h3 h5 24. b5 g4 25. hxg4 hxg4 26. Qb2 g3 27. Be1 Bf8 28. bxc6
Bxc6 29. Nd5 Qa7+ 30. Kf1 Bxd5 31. cxd5 Nd4 32. Nxd4 exd4 33. Qxd4 Qxd4 34.
Rxd4 Bg7 35. Rdc4 Nd7 36. Ke2 Nc5 37. Bd1 Ra3 38. Bc3 Ra2+ 39. Rc2 Bxc3 40.
R4xc3 Rda8 41. e5 Rxc2+ 42. Bxc2 Re8 43. e6 Kg7 44. Rc4 Kf6 45. Rxf4+ Ke5 46.
Rf5+ Kd4 47. Rg5 1-0

[Event "Open SSM B Maggio"]
[Site "Milano ITA"]
[Date "2015.05.22"]
[Round "3"]
[White "Poletto, Daniele"]
[Black "Mazzoccoli, Simone"]
[WhiteElo "1664"]
[BlackElo "1704"]
[Result "1/2-1/2"]
[PlyCount "48"]
[EventDate "2015.05.20"]

1. c4 g6 2. Nc3 Bg7 3. g3 e5 4. e4 d6 5. Bg2 Nc6 6. Nge2 Nge7 7. O-O O-O 8. d3
Bd7 9. h3 Qc8 10. Kh2 f5 11. f4 Rb8 12. Rb1 a5 13. a3 Nd4 14. Nxd4 exd4 15. Nd5
Nxd5 16. exd5 Re8 17. Re1 b6 18. Bd2 Rxe1 19. Qxe1 Qe8 20. Qxe8+ Rxe8 21. Re1
Kf7 22. Rxe8 Kxe8 23. b4 axb4 24. axb4 Ke7 1/2-1/2

[Event "Open SSM B Maggio"]
[Site "Milano ITA"]
[Date "2015.05.23"]
[Round "4"]
[White "Colica, Daniele"]
[Black "Guglielmetti, Oscar"]
[WhiteElo "1638"]
[BlackElo "1683"]
[Result "1-0"]
[PlyCount "97"]
[EventDate "2015.05.20"]

1. Nf3 g6 2. c4 Bg7 3. Nc3 Nf6 4. e4 d6 5. d4 O-O 6. Be2 Nc6 7. O-O e5 8. d5
Ne7 9. Bg5 h6 10. Bh4 g5 11. Bg3 Nh5 12. Qd2 Nf4 13. Bxf4 exf4 14. Rac1 Ng6 15.
h3 Bd7 16. Nh2 b6 17. Bg4 Ne5 18. Bxd7 Qxd7 19. Qe2 a5 20. Rfd1 Rae8 21. Nb5 f5
22. exf5 Ng6 23. Qh5 Nh4 24. Nd4 Bxd4 25. Rxd4 Qg7 26. Rd2 Nxf5 27. Ng4 Kh7 28.
Nh2 Re7 29. Re2 Rfe8 30. Rce1 Rxe2 31. Rxe2 Re7 32. Kf1 Nd4 33. Rxe7 Qxe7 34.
Qd1 Qe4 35. Ng4 Kg6 36. f3 Nxf3 37. Qxf3 Qxc4+ 38. Kg1 h5 39. Nf2 Qc1+ 40. Nd1
Qc2 41. Nc3 Qxb2 42. Qd3+ Kh6 43. Qd4 Qc1+ 44. Kh2 Qe1 45. Qf6+ Kh7 46. Qf5+
Kh8 47. Ne4 Qh4 48. Qf6+ Kh7 49. Nxg5+ 1-0

[Event "Open SSM B Maggio"]
[Site "Milano ITA"]
[Date "2015.05.23"]
[Round "4"]
[White "Madaschi, Sergio"]
[Black "Frignani, Alessandro"]
[WhiteElo "1501"]
[BlackElo "1407"]
[Result "1-0"]
[PlyCount "57"]
[EventDate "2015.05.20"]

1. e4 e5 2. Nf3 Qf6 3. Bc4 h6 4. Nc3 c6 5. O-O d6 6. d4 Nd7 7. dxe5 Nxe5 8.
Nxe5 Qxe5 9. Qf3 Nf6 10. Bf4 Qc5 11. Bb3 Bg4 12. Qg3 O-O-O 13. h3 Be6 14. Be3
Qa5 15. Rfd1 Re8 16. Bxe6+ fxe6 17. a3 e5 18. Qg4+ Kb8 19. b4 Qc7 20. f3 g5 21.
b5 c5 22. Nd5 Nxd5 23. exd5 Bg7 24. Rab1 Qa5 25. Qc4 Qxa3 26. Bd2 Re7 27. Rb3
Qa2 28. Qc3 Rd8 29. Ra1 1-0

[Event "Open SSM B Maggio"]
[Site "Milano ITA"]
[Date "2015.05.23"]
[Round "4"]
[White "Mazzoccoli, Simone"]
[Black "Pipitone, Filippo Massimo"]
[WhiteElo "1704"]
[BlackElo "1544"]
[Result "1-0"]
[PlyCount "35"]
[EventDate "2015.05.20"]

1. e4 c5 2. Nc3 Nc6 3. g3 g6 4. Bg2 Bg7 5. d3 d6 6. Nge2 e6 7. O-O Nge7 8. Bg5
h6 9. Be3 O-O 10. Qd2 Kh7 11. d4 cxd4 12. Nxd4 a6 13. Rad1 Qc7 14. Nxc6 Nxc6
15. Qxd6 Qa5 16. Qc5 Qb4 17. Qxb4 Nxb4 18. Bc5 1-0

[Event "Open SSM B Maggio"]
[Site "Milano ITA"]
[Date "2015.05.23"]
[Round "4"]
[White "Poletto, Daniele"]
[Black "Carli, Federico"]
[WhiteElo "1664"]
[BlackElo "1629"]
[Result "1/2-1/2"]
[PlyCount "26"]
[EventDate "2015.05.20"]

1. c4 g6 2. Nc3 Bg7 3. g3 Nf6 4. Bg2 O-O 5. e4 d6 6. Nge2 c5 7. O-O Nc6 8. d3
Rb8 9. h3 a6 10. Be3 b5 11. cxb5 axb5 12. Qd2 b4 13. Nd5 Nxd5 1/2-1/2

[Event "Open SSM B Maggio"]
[Site "Milano ITA"]
[Date "2015.05.23"]
[Round "4"]
[White "Rigotti, Gianluigi"]
[Black "Casati, Ivan Mario"]
[WhiteElo "1525"]
[BlackElo "1385"]
[Result "1-0"]
[PlyCount "39"]
[EventDate "2015.05.20"]

1. e4 c6 2. d4 d5 3. e5 Bf5 4. Nf3 e6 5. Bd3 Bg6 6. h4 h6 7. Bxg6 fxg6 8. Qd3
Ne7 9. b3 Nf5 10. g4 Ne7 11. Ba3 Nd7 12. Bxe7 Qxe7 13. Qxg6+ Kd8 14. Nbd2 Qb4
15. Qxe6 Qc3 16. O-O Qxc2 17. Qf7 Qh7 18. e6 Nf6 19. Qxb7 Rc8 20. Ne5 1-0

[Event "Open SSM B Maggio"]
[Site "Milano ITA"]
[Date "2015.05.23"]
[Round "4"]
[White "Vece, Luigi"]
[Black "Longo, Giovanni"]
[WhiteElo "1566"]
[BlackElo "1690"]
[Result "0-1"]
[PlyCount "104"]
[EventDate "2015.05.20"]

1. e4 c6 2. d4 d5 3. Nc3 dxe4 4. Nxe4 Bf5 5. Nc5 Qc7 6. Bd3 Bxd3 7. Nxd3 e6 8.
Nf3 Nd7 9. O-O Bd6 10. c4 b6 11. Re1 Ngf6 12. Bg5 h6 13. Bd2 O-O 14. b4 c5 15.
dxc5 bxc5 16. b5 Rfd8 17. Qc2 e5 18. Nb2 e4 19. Rxe4 Nxe4 20. Qxe4 Nf6 21. Qh4
Nh7 22. Bc3 f6 23. Re1 Re8 24. h3 Rxe1+ 25. Nxe1 Be5 26. Bxe5 Qxe5 27. Nbd3 Qe7
28. a4 Rd8 29. Qg4 Rd4 30. Qc8+ Kf7 31. Qxc5 Qxc5 32. Nxc5 Rxc4 33. Ned3 Ng5
34. Kf1 Ke7 35. a5 Kd6 36. b6 axb6 37. axb6 Ne4 38. Nb7+ Kd7 39. f3 Kc8 40. Na5
Ra4 41. Nc6 Ra1+ 42. Ke2 Nc3+ 43. Ke3 Nd5+ 44. Ke4 Nxb6 45. Ne7+ Kd8 46. Nf5
Ra4+ 47. Ke3 Nd5+ 48. Kf2 Ra7 49. Kg3 Ke8 50. Nd6+ Kf8 51. h4 Ne7 52. h5 Rd7
0-1

[Event "Open SSM B Maggio"]
[Site "Milano ITA"]
[Date "2015.05.24"]
[Round "5"]
[White "Carli, Federico"]
[Black "Mazzoccoli, Simone"]
[WhiteElo "1629"]
[BlackElo "1704"]
[Result "1/2-1/2"]
[PlyCount "70"]
[EventDate "2015.05.20"]

1. e4 c5 2. c3 Nf6 3. e5 Nd5 4. d4 cxd4 5. cxd4 Nc6 6. Nf3 d6 7. Bc4 Nb6 8. Bb5
dxe5 9. Nxe5 Bd7 10. Nxd7 Qxd7 11. Nc3 e6 12. O-O Rd8 13. Be3 Be7 14. Bxc6 Qxc6
15. Rc1 Qd7 16. Qg4 O-O 17. Rfd1 Rfe8 18. h3 Nd5 19. Bg5 Bxg5 20. Qxg5 Nxc3 21.
bxc3 Qa4 22. Qd2 Qc4 23. Qb2 b6 24. Qb3 Rc8 25. d5 exd5 26. Rxd5 Qf4 27. Rcd1
Qf6 28. R5d3 Red8 29. Rxd8+ Rxd8 30. Rxd8+ Qxd8 31. Qc2 Qe7 32. Kf1 Qc5 33. Qd3
g6 34. Qd8+ Kg7 35. Qd3 Kg8 1/2-1/2

[Event "Open SSM B Maggio"]
[Site "Milano ITA"]
[Date "2015.05.24"]
[Round "5"]
[White "Colica, Daniele"]
[Black "Poletto, Daniele"]
[WhiteElo "1638"]
[BlackElo "1664"]
[Result "0-1"]
[PlyCount "46"]
[EventDate "2015.05.20"]

1. Nf3 Nf6 2. c4 c5 3. Nc3 Nc6 4. d4 cxd4 5. Nxd4 e6 6. Bg5 Be7 7. e3 a6 8. Be2
O-O 9. O-O h6 10. Bh4 d5 11. Rc1 Nxd4 12. exd4 dxc4 13. Bxc4 b5 14. Bb3 Bb7 15.
Re1 Rc8 16. Bg3 Bd6 17. Qd3 Bxg3 18. hxg3 Qb6 19. d5 Rfd8 20. Qf3 exd5 21. Nxd5
Rxc1 22. Rxc1 Bxd5 23. Bxd5 Rxd5 0-1

[Event "Open SSM B Maggio"]
[Site "Milano ITA"]
[Date "2015.05.24"]
[Round "5"]
[White "Frignani, Alessandro"]
[Black "Casati, Ivan Mario"]
[WhiteElo "1407"]
[BlackElo "1385"]
[Result "1-0"]
[PlyCount "61"]
[EventDate "2015.05.20"]

1. e4 c6 2. d4 d5 3. e5 Bf5 4. f4 e6 5. Bd3 Ne7 6. Ne2 Nd7 7. Ng3 Bxd3 8. Qxd3
g6 9. b3 b5 10. Bb2 Bg7 11. Nd2 Qa5 12. Bc3 b4 13. Bb2 Qb6 14. a4 a5 15. c4 c5
16. O-O-O Qc6 17. Qf3 f5 18. Kb1 O-O 19. h4 h5 20. Ne2 Kf7 21. Qg3 Bh6 22. Ng1
Qb6 23. Ngf3 Rae8 24. Qh2 Rh8 25. g3 Nc6 26. Qg1 Ne7 27. dxc5 Qxc5 28. Bd4 Qc6
29. Rc1 Rc8 30. Be3 Nb6 31. Bxb6 1-0